[Event "Revanche"]
[Site "http://www.queenalice.com/game.php?id=541447"]
[Date "2009.2.16"]
[Round "-"]
[White "carcassonne91"]
[Black "clovis"]
[Result "1-0"]
[WhiteElo "2032"]
[BlackElo "1975"]

1. f4 e5 2. fxe5 d6 3. exd6 Bxd6 4. Nf3 Nf6 5. d4 Ng4 6. g3 Nxh2 7. Rxh2 Bxg3+
8. Rf2 O-O 9. Bg5 f6 10. Bh4 Bxf2+ 11. Bxf2 Bg4 12. e3 c5 13. d5 Nd7 14. Be2 Re8
15. Nh2 Bxe2 16. Qxe2 Ne5 17. Nc3 b5 18. O-O-O b4 19. Ne4 c4 20. Ng4 c3 21. Bh4
cxb2+ 22. Kxb2 Ng6 23. Nexf6+ gxf6 24. Bxf6 Qd6 25. Nh6+ Kf8 26. Qf2 Nf4 27.
Bg7+ 1-0

[Event "Challenge"]
[Site "http://www.queenalice.com/game.php?id=546578"]
[Date "2009.2.25"]
[Round "-"]
[White "renard77"]
[Black "carcassonne91"]
[Result "1-0"]
[WhiteElo "1897"]
[BlackElo "2039"]

1. d4 d5 2. Nc3 c6 3. Nf3 h6 4. h3 Nf6 5. e3 Bf5 6. Bd3 Ne4 7. O-O e6 8. Ne5 Nd7
9. f4 Be7 10. g4 Nxc3 11. bxc3 Nxe5 12. fxe5 Bxd3 13. cxd3 O-O 14. Bd2 f6 15.
Qe2 f5 16. e4 fxg4 17. Qxg4 Qd7 18. Bxh6 Ba3 19. Rxf8+ Rxf8 20. exd5 cxd5 21.
Rf1 Bb2 22. Rxf8+ Kxf8 23. Bd2 Qf7 24. h4 b5 25. Qg5 b4 26. Qd8+ Qe8 27. Qd6+
Qe7 28. Qxb4 Qxb4 29. cxb4 Bxd4+ 30. Kg2 Bxe5 31. a4 Ke7 32. Kf3 Kd7 33. Ke3 Bg3
34. h5 e5 35. d4 e4 36. b5 Ke6 37. Bb4 Kf5 38. Bc5 Bb8 39. a5 Kg5 40. Bf8 Kf6
41. b6 axb6 42. axb6 g5 43. h6 Kg6 44. Bg7 Bf4+ 45. Ke2 g4 46. Be5 1-0

[Event "whafwhaf"]
[Site "http://www.queenalice.com/game.php?id=547565"]
[Date "2009.2.27"]
[Round "-"]
[White "carcassonne91"]
[Black "renard77"]
[Result "1/2-1/2"]
[WhiteElo "2046"]
[BlackElo "1970"]

1. e4 Nc6 2. d4 e5 3. c3 Nf6 4. Bg5 Be7 5. f3 h6 6. Be3 d6 7. d5 Nb8 8. Bd3 Nbd7
9. b4 b6 10. a4 Bb7 11. a5 Nh5 12. a6 Bc8 13. g3 O-O 14. Ne2 Nhf6 15. O-O Qe8
16. Qd2 c5 17. b5 Nh7 18. f4 f6 19. Na3 Rf7 20. Rf2 Ndf8 21. f5 Ng5 22. Kg2 Kh8
23. h4 Ngh7 24. Ng1 Bd8 25. Be2 Rc7 26. c4 Be7 27. Qd1 Bd7 28. Bh5 Qd8 29. Nf3
Be8 30. Bg4 Bf7 31. Nh2 Qe8 32. Qe2 h5 33. Bf3 g5 34. hxg5 Nxg5 35. Bd2 Nfh7 36.
Rh1 Nxf3 37. Nxf3 Qg8 38. Nh4 Qg7 39. Nb1 Rg8 40. Nc3 Rcc8 41. Kf1 Qg4 42. Qxg4
Rxg4 43. Ng6+ Bxg6 44. fxg6 Rxg6 45. Rxh5 Rxg3 46. Rfh2 Rg7 47. Be1 Rcg8 48. Bd2
Rf7 49. Nd1 Rg4 50. Nf2 Rg6 51. Ke2 Kg8 52. Kf3 Rfg7 53. Bh6 Ng5+ 54. Ke3 Rh7
55. Bxg5 Rxh5 56. Rxh5 Rxg5 57. Rxg5+ fxg5 58. Kf3 Kg7 59. Ng4 Kg6 60. Ne3 Kh5
61. Nf5 Bf8 62. Kg3 g4 63. Ne3 Kg5 64. Nxg4 Be7 65. Ne3 Kh5 66. Nd1 Bf6 67. Nc3
Kg5 68. Kf3 Be7 69. Ne2 Bf8 70. Ng3 Kh4 71. Nf5+ Kg5 72. Kg3 Kh5 1/2-1/2

[Event "Combat chevaleresque"]
[Site "http://www.queenalice.com/game.php?id=575473"]
[Date "2009.4.21"]
[Round "-"]
[White "clovis"]
[Black "carcassonne91"]
[Result "0-1"]
[WhiteElo "2041"]
[BlackElo "2043"]

1. e4 c5 2. Nf3 Nc6 3. Bb5 d6 4. d4 cxd4 5. Qxd4 Bd7 6. Bxc6 Bxc6 7. O-O Nf6 8.
e5 dxe5 9. Qxd8+ Rxd8 10. Nxe5 Be4 11. Be3 e6 12. Bxa7 Bxc2 13. Nc3 h6 14. Rac1
Bh7 15. Nb5 Nd5 16. Rc7 Nxc7 17. Nxc7+ Ke7 18. Rc1 Kf6 19. f4 Be4 20. Nb5 g5 21.
Bd4 Rxd4 22. Nxd4 gxf4 23. Ndf3 Bd6 24. Nd7+ Ke7 25. Nde5 Rg8 26. Rc4 Bd5 27.
Ra4 f6 28. Nd3 Bxf3 29. Nxf4 Bxf4 30. Rxf4 Bxg2 0-1

[Event "E vry Champion "]
[Site "http://www.queenalice.com/game.php?id=582482"]
[Date "2009.5.4"]
[Round "-"]
[White "Rafale2000"]
[Black "carcassonne91"]
[Result "0-1"]
[WhiteElo "1955"]
[BlackElo "2059"]

1. f4 e5 2. fxe5 Nc6 3. Nf3 g5 4. d4 g4 5. d5 gxf3 6. dxc6 fxg2 7. cxd7+ Bxd7 8.
Bxg2 Qh4+ 9. Kf1 Bc5 10. e3 O-O-O 11. Qe2 f6 12. Qf3 Bb5+ 13. Kg1 Qe1+ 14. Bf1
Qxc1 15. Nc3 Qxa1 16. Nxb5 Qe1 17. Qe2 Bxe3+ 18. Kg2 Rd2 0-1

[Event "Top 16 in the pocket"]
[Site "http://www.queenalice.com/game.php?id=582483"]
[Date "2009.5.4"]
[Round "-"]
[White "carcassonne91"]
[Black "Rafale2000"]
[Result "0-1"]
[WhiteElo "2071"]
[BlackElo "1983"]

1. f4 f5 2. e4 fxe4 3. d3 exd3 4. Bxd3 Nf6 5. g4 d5 6. f5 h5 7. g5 Ne4 8. Qf3
Nc6 9. Bxe4 dxe4 10. Qxe4 Qd4 11. Qe2 Bxf5 12. Nf3 Qe4 13. c3 O-O-O 14. Be3 Ne5
15. O-O Rd3 16. Nxe5 Rxe3 17. Qf2 Qxe5 18. Qxf5+ Qxf5 19. Rxf5 Re1+ 20. Kf2 Rc1
21. Ke2 e6 22. Rf7 g6 23. a4 Bd6 24. h3 Rf8 0-1

[Event "Bientôt la coupe"]
[Site "http://www.queenalice.com/game.php?id=603403"]
[Date "2009.6.15"]
[Round "-"]
[White "Rafale2000"]
[Black "carcassonne91"]
[Result "0-1"]
[WhiteElo "2014"]
[BlackElo "2041"]

1. e4 c5 2. Nf3 Nc6 3. d4 cxd4 4. Nxd4 Nf6 5. Nc3 a6 6. f3 e5 7. Nb3 Be7 8. Be3
O-O 9. Nd5 Nxd5 10. Qxd5 Nb4 11. Qd2 Nc6 12. O-O-O b5 13. Bc5 Bxc5 14. Nxc5 Nd4
15. f4 d6 16. Nd3 f6 17. Qf2 Bb7 18. Qe3 Rc8 19. Rd2 Qb6 20. Qg3 Bxe4 21. Be2
exf4 22. Qxf4 Nxe2+ 23. Rxe2 Bxd3 24. Rf2 Qc5 25. Qd2 Bxc2 26. Qf4 Bg6+ 27. Kd1
Qd5+ 28. Rd2 Bh5+ 29. g4 Qxh1+ 30. Ke2 Qg2+ 31. Kd3 Bg6+ 0-1

[Event "Evry vs Evry"]
[Site "http://www.queenalice.com/game.php?id=603405"]
[Date "2009.6.15"]
[Round "-"]
[White "carcassonne91"]
[Black "Rafale2000"]
[Result "1/2-1/2"]
[WhiteElo "2042"]
[BlackElo "2013"]

1. d4 Nf6 2. Nc3 d5 3. Bg5 Bf5 4. Nf3 Nbd7 5. e3 e6 6. Ne5 Be7 7. Bd3 Nxe5 8.
dxe5 Ne4 9. Bxe7 Qxe7 10. Nxe4 dxe4 11. Bb5+ c6 12. Be2 Rd8 13. Qc1 Qc5 14. O-O
Qxe5 15. c3 O-O 16. Rd1 Rd6 17. Rd4 Rfd8 18. Qc2 c5 19. Rxd6 Rxd6 20. Rc1 Qf6
21. b4 cxb4 22. cxb4 Rc6 23. Qd2 Rxc1+ 1/2-1/2

[Event "Challenge"]
[Site "http://www.queenalice.com/game.php?id=633543"]
[Date "2009.8.9"]
[Round "-"]
[White "renard77"]
[Black "carcassonne91"]
[Result "0-1"]
[WhiteElo "1976"]
[BlackElo "2045"]

1. d4 d5 2. Nc3 Nf6 3. Nf3 e6 4. e3 Bd7 5. Bd3 Be7 6. O-O O-O 7. Ne2 b5 8. c3 c5
9. Ne5 Be8 10. Ng3 Qb6 11. Nh5 Nxh5 12. Qxh5 f5 13. Qh3 Nd7 14. f4 Nf6 15. Rf3
c4 16. Be2 Ne4 17. Bd1 a5 18. Bc2 Nf6 19. Rg3 Ra7 20. Bd1 b4 21. Bd2 Ne4 22. Be1
Nxg3 23. Qxg3 Qd8 24. h4 Rb7 25. h5 bxc3 26. Bxc3 Rf6 27. Qh3 Bb4 28. a3 Bxc3
29. bxc3 Qb8 30. Kh2 Rb1 31. Rxb1 Qxb1 32. Qf3 Rh6 33. Kh3 Bxh5 34. Qxh5 Rxh5+
35. Bxh5 Qh1+ 0-1

[Event "Challenge"]
[Site "http://www.queenalice.com/game.php?id=633544"]
[Date "2009.8.9"]
[Round "-"]
[White "carcassonne91"]
[Black "renard77"]
[Result "1-0"]
[WhiteElo "2058"]
[BlackElo "1935"]

1. b3 Nf6 2. Bb2 Nc6 3. f4 e5 4. fxe5 Ne4 5. Nf3 d5 6. e3 Bg4 7. d3 Ng5 8. Nbd2
Be7 9. Be2 Nxf3+ 10. Nxf3 O-O 11. O-O a6 12. a3 b5 13. b4 Bxf3 14. Rxf3 Bg5 15.
d4 f6 16. exf6 Rxf6 17. Qd3 Qe7 18. Bc1 Raf8 19. Bd2 Nd8 20. Raf1 c6 21. Rf5 Bh6
22. g4 g6 23. Rxf6 Rxf6 24. Bf3 Ne6 25. h4 Bg7 26. Kg2 Rf8 27. Kg3 Qd6+ 28. Kh3
g5 29. h5 h6 30. Bg2 Bf6 31. c3 Ng7 32. e4 Qd7 33. e5 Be7 34. Qg6 Rxf1 35. Bxf1
Kh8 36. Bd3 Kg8 37. Qh7+ Kf8 38. Qxh6 Bd8 39. Bxg5 Bxg5 40. Qxg5 Ne6 41. Qf6+
Kg8 42. Bf5 Nf4+ 43. Kh2 Qe8 44. Qg5+ Kh8 45. Qxf4 Qf8 46. Kg3 Qg7 47. g5 Qc7
48. Be6 a5 49. Qf7 Qd8 50. Qf6+ 1-0

[Event "Nouvelle saison Nouvelle partie"]
[Site "http://www.queenalice.com/game.php?id=663848"]
[Date "2009.10.7"]
[Round "-"]
[White "Rafale2000"]
[Black "carcassonne91"]
[Result "0-1"]
[WhiteElo "2007"]
[BlackElo "2069"]

1. e4 c5 2. Nf3 Nc6 3. d4 cxd4 4. Nxd4 d6 5. Nc3 a6 6. Bc4 e6 7. Be3 Be7 8. Qd2
Bd7 9. O-O-O b5 10. Bb3 Nf6 11. f3 b4 12. Nce2 Nxd4 13. Nxd4 a5 14. g4 a4 15.
Bc4 b3 16. cxb3 d5 17. exd5 Nxd5 18. Bf2 Bg5 0-1

[Event "Bird  !   Vraiment ?"]
[Site "http://www.queenalice.com/game.php?id=663849"]
[Date "2009.10.7"]
[Round "-"]
[White "carcassonne91"]
[Black "Rafale2000"]
[Result "1/2-1/2"]
[WhiteElo "2083"]
[BlackElo "1974"]

1. e4 Nf6 2. Nc3 d5 3. exd5 Nfd7 4. Nf3 Nf6 5. Ng1 Nxd5 6. Qf3 Nf6 7. Bc4 Nc6 8.
Qd1 Bf5 9. d3 e6 10. Nf3 Bb4 11. Bd2 O-O 12. O-O Na5 13. a3 Nxc4 14. dxc4 Be7
15. b4 c6 16. Ne5 Ne4 17. Be1 Nxc3 18. Bxc3 Qxd1 19. Rfxd1 Bxc2 20. Rd7 Bf6 21.
Rxb7 Bxe5 22. Bxe5 f6 23. Bd6 Rf7 24. Rb8+ Rxb8 25. Bxb8 Rd7 26. c5 a6 27. Bd6
e5 28. f3 Rb7 29. Ra2 Ba4 30. Rb2 a5 31. Kf2 axb4 32. axb4 Kf7 33. Ke3 Ke6 34.
f4 exf4+ 35. Kxf4 Bb5 36. g4 g6 37. h4 h6 38. g5 hxg5+ 39. hxg5 f5 40. Rh2 Ba4
1/2-1/2

[Event "Challenge"]
[Site "http://www.queenalice.com/game.php?id=679566"]
[Date "2009.11.8"]
[Round "-"]
[White "renard77"]
[Black "carcassonne91"]
[Result "1/2-1/2"]
[WhiteElo "1891"]
[BlackElo "2089"]

1. d4 h6 2. e4 e6 3. Nf3 d6 4. Nc3 Be7 5. Bd3 Nd7 6. h3 c5 7. Be3 Ngf6 8. O-O
O-O 9. Ne2 cxd4 10. Bxd4 b6 11. Ng3 e5 12. Bc3 Nc5 13. a3 Bb7 14. Re1 Nxd3 15.
cxd3 g6 16. Qe2 Rc8 17. Bd2 Rc7 18. Bxh6 Re8 19. Nh2 Bf8 20. Bg5 Bg7 21. Ng4 Bc8
22. Nh6+ Kh7 23. Ng4 Bxg4 24. hxg4 Qc8 25. f3 Rc2 26. Qe3 Qc5 27. b4 Qxe3+ 28.
Bxe3 Rec8 29. g5 Nh5 30. Nxh5 gxh5 31. Kh2 R8c3 32. Red1 Re2 33. Bd2 Rc2 34. f4
Rexd2 35. Rxd2 Rxd2 36. f5 Rc2 37. a4 Bf8 38. b5 Rc5 39. Ra2 d5 40. Kh3 dxe4 41.
dxe4 Rc4 42. Kh4 Bc5 43. Kxh5 Rxe4 44. Rd2 Rd4 45. Re2 e4 46. g6+ fxg6+ 47.
fxg6+ Kg7 48. g4 Rd5+ 49. g5 e3 50. Kg4 Rd2 51. Re1 e2 52. Kf5 Bf2 53. Rc1 Rd5+
54. Ke4 Rc5 55. Kf3 e1=Q 56. Rxe1 Bxe1 57. Kg4 Kxg6 58. Kf4 Bd2+ 59. Ke4 Kxg5
60. Kd3 Kf4 61. Kxd2 Ke4 62. a5 Rd5+ 63. Kc3 Rd4 64. axb6 axb6 65. Kb3 Kd3 66.
Kb2 Rb4+ 67. Ka3 Kc3 68. Ka2 Rb3 69. Ka1 Kc2 70. Ka2 Kc3 71. Ka1 Kb4 72. Ka2 Kc3
1/2-1/2

[Event "Challenge"]
[Site "http://www.queenalice.com/game.php?id=679567"]
[Date "2009.11.8"]
[Round "-"]
[White "carcassonne91"]
[Black "renard77"]
[Result "1-0"]
[WhiteElo "2079"]
[BlackElo "1928"]

1. h3 e5 2. e4 Nf6 3. Nc3 Nc6 4. Nf3 Bc5 5. d3 h6 6. Be2 a6 7. O-O d6 8. Nd5
Nxd5 9. exd5 Ne7 10. d4 exd4 11. Nxd4 O-O 12. c4 Ng6 13. a3 Ne5 14. b4 Ba7 15.
Nb3 Qf6 16. Qd2 Qg6 17. Qc3 Bd7 18. c5 Rac8 19. Bf4 f6 20. Qg3 Qc2 21. Bxh6 Rf7
22. Nd4 Qh7 23. Be3 dxc5 24. Ne6 Bxe6 25. dxe6 Re7 26. f4 Nc6 27. Rad1 cxb4 28.
Bxa7 Nxa7 29. axb4 Rxe6 30. Bc4 Re8 31. f5 b5 32. Bxe6+ Kf8 33. Qxc7 Qh5 34.
Qc5+ Re7 35. Rd8+ Qe8 36. Rfd1 Nc6 37. Rxe8+ Kxe8 38. Qxc6+ Kf8 39. Rd8+ Re8 40.
Rxe8# 1-0

[Event "Chateaubriand"]
[Site "http://www.queenalice.com/game.php?id=730081"]
[Date "2010.2.11"]
[Round "-"]
[White "clovis"]
[Black "carcassonne91"]
[Result "0-1"]
[WhiteElo "2107"]
[BlackElo "2082"]

1. e4 d6 2. Bc4 c5 3. Nf3 Nc6 4. O-O Nf6 5. Re1 e5 6. Ng5 Be6 7. Bxe6 fxe6 8.
Nxe6 Qe7 9. Nxf8 Rxf8 10. c3 Kf7 11. d4 cxd4 12. Qb3+ Ke8 13. Bg5 Qf7 14. Qc2
Ng4 15. f3 Nxh2 16. Kxh2 Qh5+ 17. Kg1 Qxg5 18. cxd4 Rxf3 19. dxe5 dxe5 20. Nc3
Kf8 21. Nd5 Rf7 22. Rf1 Nd4 23. Rxf7+ Kxf7 24. Rf1+ Kg6 25. Qc7 Ne2+ 26. Kf2
Rf8+ 27. Kxe2 Qxg2+ 28. Ke3 Qxf1 29. Ne7+ Kh6 30. Nf5+ Rxf5 31. exf5 Qxf5 32.
Qxb7 Qf4+ 33. Ke2 Qd4 34. Qh1+ Kg6 35. Qc6+ Kg5 36. Qg2+ Qg4+ 37. Qxg4+ Kxg4 38.
b4 h5 39. a4 h4 40. b5 h3 41. Kf1 Kg3 0-1

[Event "Challenge"]
[Site "http://www.queenalice.com/game.php?id=730082"]
[Date "2010.2.11"]
[Round "-"]
[White "carcassonne91"]
[Black "clovis"]
[Result "1/2-1/2"]
[WhiteElo "2081"]
[BlackElo "2104"]

1. f4 e5 2. fxe5 d6 3. exd6 Bxd6 4. Nf3 g5 5. d4 g4 6. Ne5 f6 7. Nc4 Nc6 8. c3
f5 9. Qd2 Qh4+ 10. Kd1 Bxh2 11. Qe3+ Nce7 12. Nba3 Bd7 13. Ne5 O-O-O 14. Nf7
Ba4+ 15. b3 Nd5 16. Qe6+ Kb8 17. Nxd8 Nxc3+ 18. Kc2 Qxd8 19. Kxc3 Bd7 20. Qf7
Bg3 21. e3 Nf6 22. Bd3 h5 23. Rf1 h4 24. Bxf5 Rf8 25. Qg6 Rg8 26. Qf7 Rf8 27.
Qg6 Rg8 28. Qf7 Rf8 1/2-1/2

[Event "même pas peur "]
[Site "http://www.queenalice.com/game.php?id=824831"]
[Date "2010.8.29"]
[Round "-"]
[White "Rafale2000"]
[Black "carcassonne91"]
[Result "0-1"]
[WhiteElo "2032"]
[BlackElo "2069"]

1. f4 g6 2. Nf3 Bg7 3. e4 d6 4. Nc3 e6 5. g3 Ne7 6. Bg2 c6 7. O-O Nd7 8. d4 O-O
9. e5 d5 10. a4 a6 11. b4 Nb6 12. Qd3 Nc4 13. Nd2 Nxd2 14. Bxd2 Qb6 15. Rfb1 Nf5
16. Ne2 Bd7 17. Kf1 Rfc8 18. Bf3 f6 19. c3 fxe5 20. dxe5 Bf8 21. Kg2 Qd8 22. Nd4
Nxd4 23. cxd4 b5 24. h4 bxa4 25. Rxa4 c5 26. Ra2 Bb5 27. Qe3 cxd4 28. Qxd4 Rc4
29. Qf2 Rac8 30. Be2 Rc2 31. Rxc2 Rxc2 32. Bxb5 axb5 33. Rc1 Qc7 34. Rxc2 Qxc2
35. Qd4 Qc4 36. Qxc4 dxc4 37. Kf2 Kf7 38. Ke2 Ke7 39. Kd1 Kd7 40. Kc2 Kc6 41.
Kc3 Kd5 42. Be1 Ke4 43. Kc2 Be7 0-1

[Event "Même pas mal"]
[Site "http://www.queenalice.com/game.php?id=824832"]
[Date "2010.8.29"]
[Round "-"]
[White "carcassonne91"]
[Black "Rafale2000"]
[Result "0-1"]
[WhiteElo "2084"]
[BlackElo "2023"]

1. d4 Nf6 2. c4 c5 3. d5 b5 4. e4 d6 5. Bd3 bxc4 6. Qa4+ Bd7 7. Qxc4 g6 8. Nd2
Bg7 9. Ne2 O-O 10. Qc2 e6 11. dxe6 Bxe6 12. O-O Nc6 13. a3 Qc7 14. Nf4 Bd7 15.
Nf3 Rfb8 16. Rb1 Bg4 17. Nd5 Qd7 18. Bg5 Nxd5 19. exd5 Ne7 20. Bxe7 Bxf3 21.
Bxd6 Qxd6 22. gxf3 Rb6 23. b3 Be5 24. Qc4 Bxh2+ 25. Kg2 Bf4 26. Rg1 Rab8 27. Kf1
Re8 28. Rg4 g5 29. b4 cxb4 30. axb4 Qh6 31. Qxf4 Qh1+ 32. Rg1 Qxg1+ 33. Kxg1
gxf4 34. b5 Kg7 35. Rb4 Re1+ 36. Kg2 Rh6 37. Rxf4 Rhh1 38. Rg4+ Kf8 39. Kg3 h5
40. Ra4 h4+ 41. Kf4 Rhg1 42. Bf5 Ra1 43. Rd4 Rgd1 44. Rxd1 Rxd1 45. Ke5 Ke7 46.
Be4 h3 47. Kf5 Rd4 0-1

[Event "Challenge"]
[Site "http://www.queenalice.com/game.php?id=829903"]
[Date "2010.9.8"]
[Round "-"]
[White "ORNELAS"]
[Black "carcassonne91"]
[Result "1-0"]
[WhiteElo "1736"]
[BlackElo "2099"]

1. b3 Nf6 2. Bb2 Nc6 3. d4 d5 4. g3 Bf5 5. Bg2 e6 6. Nf3 h6 7. Nh4 Bh7 8. Nd2
Bd6 9. c3 O-O 10. Ndf3 Nd7 11. Bc1 Ne7 12. Qd2 c5 13. O-O 1-0

[Event "Challenge"]
[Site "http://www.queenalice.com/game.php?id=889604"]
[Date "2011.1.22"]
[Round "-"]
[White "clovis"]
[Black "carcassonne91"]
[Result "1/2-1/2"]
[WhiteElo "2118"]
[BlackElo "2066"]

1. e4 c5 2. Nf3 d6 3. d4 cxd4 4. Qxd4 Nc6 5. Bb5 Qa5+ 6. Nc3 Bd7 7. Qd3 Nf6 8.
O-O e6 9. Re1 Be7 10. Bg5 a6 11. Ba4 b5 12. Bb3 Nb4 13. Qd2 Rd8 14. a4 Qc7 15.
axb5 axb5 16. Nxb5 Qc5 17. Nc3 O-O 18. Qd4 Qxd4 19. Nxd4 e5 20. Ndb5 d5 21. Bxf6
Bxf6 22. Bxd5 Nxc2 23. Rec1 Nxa1 24. Rxa1 Rb8 25. Nd6 Rxb2 26. Nxf7 Bc6 27. Nh6+
1/2-1/2

[Event "Challenge"]
[Site "http://www.queenalice.com/game.php?id=889605"]
[Date "2011.1.22"]
[Round "-"]
[White "carcassonne91"]
[Black "clovis"]
[Result "1/2-1/2"]
[WhiteElo "2053"]
[BlackElo "2026"]

1. f4 e5 2. fxe5 d6 3. exd6 Nf6 4. dxc7 Qxc7 5. g3 Bc5 6. d4 Bb6 7. Bf4 Qc4 8.
e3 Qb4+ 9. Nd2 Qxb2 10. Bg2 Bg4 11. Ngf3 Nc6 12. O-O O-O 13. Nc4 Qc3 14. Nxb6
axb6 15. Qd2 Ne4 16. Qxc3 Nxc3 17. Rfe1 Nxa2 18. Ne5 Nxe5 19. Bxe5 Nb4 20. c4
Nc2 21. Rxa8 Rxa8 22. Rc1 Nxe3 23. Bxb7 Ra7 24. Bh1 Bh3 25. c5 bxc5 26. dxc5 f6
27. Bd4 Nf5 28. Bf2 Ra4 29. c6 Nd4 30. Bxd4 Rxd4 31. Bg2 Bxg2 32. Kxg2 Rd8 33.
Kf3 Kf8 34. Ke4 Ke7 35. c7 Rc8 36. Kd5 Kd7 37. g4 g6 38. h4 Rxc7 39. Rxc7+ Kxc7
40. Ke6 h5 41. gxh5 gxh5 42. Kxf6 Kd7 43. Kg6 Ke7 44. Kxh5 Kf8 45. Kg6 1/2-1/2

[Event "Partie de l'année (2011)"]
[Site "http://www.queenalice.com/game.php?id=895572"]
[Date "2011.2.3"]
[Round "-"]
[White "Rafale2000"]
[Black "carcassonne91"]
[Result "1-0"]
[WhiteElo "2094"]
[BlackElo "2068"]

1. f4 g6 2. e4 e6 3. Nf3 Bg7 4. d4 Nf6 5. Nc3 O-O 6. h3 d6 7. Be2 Nh5 8. Be3 Ng3
9. Rg1 Nxe2 10. Qxe2 b6 11. O-O-O Ba6 12. Qf2 Qe7 13. g4 c5 14. e5 d5 15. h4 c4
16. h5 b5 17. f5 Qc7 18. f6 Bh8 19. Bh6 Rc8 20. hxg6 fxg6 21. Ng5 Rf8 22. Bxf8
Kxf8 23. Nxe6+ 1-0

[Event "Challenge"]
[Site "http://www.queenalice.com/game.php?id=895573"]
[Date "2011.2.3"]
[Round "-"]
[White "carcassonne91"]
[Black "Rafale2000"]
[Result "0-1"]
[WhiteElo "2052"]
[BlackElo "2027"]

1. d4 Nf6 2. c4 c5 3. d5 b5 4. Qc2 e6 5. e4 exd5 6. cxd5 a6 7. Nf3 Qe7 8. Nfd2
Nxd5 9. g3 g6 10. Bg2 Nc6 11. O-O Nd4 12. Qd1 Nb4 13. Na3 Bg7 14. Nf3 O-O 15.
Nxd4 Bxd4 16. Nc2 Nxc2 17. Qxc2 Bb7 18. Be3 Bxe3 19. fxe3 Rfe8 20. Rac1 Bxe4 21.
Qxc5 Qxc5 22. Rxc5 Bxg2 23. Kxg2 Rxe3 24. Rf2 Rae8 25. Rc7 R8e7 26. Ra7 R3e6 27.
Kf3 d5 28. Ra8+ Kg7 29. Rc2 h5 30. h3 d4 31. Rd8 Re3+ 32. Kf2 d3 33. Rd2 Re2+
34. Rxe2 Rxe2+ 35. Kf3 Rxb2 36. Rxd3 Rxa2 37. Rb3 Ra4 38. g4 hxg4+ 39. hxg4 b4
40. Ke4 a5 41. g5 Ra3 42. Rb2 b3 43. Kd4 a4 44. Kc3 Ra2 45. Rb1 b2 46. Kb4 a3
0-1